Estatísticas para Em que ano ocorreu???

Clique aqui para jogar o quiz

Estatísticas Gerais

  • Esse quiz foi jogado 375 vezes
  • A pontuação média é 17 de 30

Estatísticas das Respostas

FatoAno% Correto
Bin Laden derruba aviões sobre as torres gêmeas nos EUA2001
89%
O homem pisa na lua pela primeira vez1969
88%
O Brasil ganha a sua primeira Copa do Mundo1958
86%
O Brasil perde o piloto Ayrton Senna1994
83%
Getúlio Vargas assume o poder no Brasil1930
82%
Último ano da Ditadura Militar no Brasil1984
79%
Adolf Hitler é eleito Chanceler na Alemanha1933
75%
O Brasil termina com o Império e proclama a República1889
74%
O comunismo toma o poder na Rússia após a revolução1917
74%
Tsunami arrasa a Tailândia e outros países do Oceano Índico2004
73%
Aos 104 anos, morre o arquiteto Oscar Niemeyer2012
71%
É clonado o primeiro mamífero - a ovelha Dolly1996
64%
Tom Jobim e Vinícius de Moraes compõem "Garota de Ipanema"1962
61%
Walt Disney apresenta ao mundo o Pato Donald1934
59%
Santos Dumont apresenta o primeiro avião1906
58%
É tomada a bastilha e começa a Revolução Francesa1789
56%
Alexander Fleming descobre o primeiro antibiótico - a Penicilina1928
55%
Primeiro concurso oficial de Miss Universo1952
52%
Porto Alegre é inundada pela grande enchente1941
51%
Sigmund Freud escreve "A Interpretação dos Sonhos"1900
47%
Acontece o primeiro Festival de Cinema de Gramado1973
45%
Explode a Revolução Farroupilha no Rio Grande do Sul1835
39%
O navegador Vasco da Gama dobra o cabo da Boa Esperança1497
38%
Reconhecido o primeiro cão da raça Pittbull1898
38%
Alexander Graham Bell cria o Telefone nos Estados Unidos1876
37%
Thomas Edison cria a primeira lâmpada elétrica1879
37%
Tiradentes é executado no Rio de Janeiro1792
34%
Charles Darwin escreve o livro "A Origem das Espécies"1859
32%
James Cook descobre o novíssimo mundo - a Oceania1770
25%
Aos 19 anos de idade, Joana D'arc é queimada viva1431
21%

Distribuição das Pontuações

Percentil de Números Respondidos

Porcentagem de Pessoas com Cada Pontuação

Sua Pontuação Histórica

Você não jogou esse quiz